Ganadores de la Copa del Rey en el siglo XXI - Estadísticas

Estadísticas generales
  • Esta prueba ha sido intentada 320 veces
    7 desde el último reinicio
  • La puntuación promedio es 7 de 27
Estadísticas de respuestas
Año Campeón Resultado Subcampeón % Correcto
2025 FC Barcelona 3 - 2 Real Madrid
100%
2026 Real Sociedad 2 - 2
(4 - 3 pen.)
Atlético de Madrid
100%
2021 FC Barcelona 4 - 0 Athletic Club
67%
2022 Real Betis 1 - 1
(5 - 4 pen.)
Valencia CF
50%
2024 Athletic Club 1 - 1
(4 - 2 pen.)
Mallorca
33%
2013 Atlético de Madrid 2 - 1 Real Madrid
33%
2018 FC Barcelona 5 - 0 Sevilla FC
33%
2012 FC Barcelona 3 - 0 Athletic Club
33%
2009 FC Barcelona 4 - 1 Athletic Club
33%
2023 Real Madrid 2 - 1 Osasuna
33%
2014 Real Madrid 2 - 1 FC Barcelona
33%
2011 Real Madrid 1 - 0 FC Barcelona
33%
2020 Real Sociedad 1 - 0 Athletic Club
33%
2019 Valencia CF 2 - 1 FC Barcelona
33%
2017 FC Barcelona 3 - 1 Deportivo Alavés
17%
2015 FC Barcelona 3 - 1 Athletic Club
17%
2003 Mallorca 3 - 0 Recreativo de Huelva
17%
2005 Real Betis 2 - 1 Osasuna
17%
2002 Deportivo La Coruña 2 - 1 Real Madrid
0%
2006 Espanyol 4 - 1 Real Zaragoza
0%
2000 Espanyol 2 - 1 Atlético de Madrid
0%
2016 FC Barcelona 2 - 0 Sevilla FC
0%
2004 Real Zaragoza 3 - 2 Real Madrid
0%
2001 Real Zaragoza 3 - 1 Celta de Vigo
0%
2010 Sevilla FC 2 - 0 Atlético de Madrid
0%
2007 Sevilla FC 1 - 0 Getafe CF
0%
2008 Valencia CF 3 - 1 Getafe CF
0%
No se encontraron pruebas coincidentes
Distribución de puntuación
Porcentaje de gente con cada puntuación
Porcentaje por número respondido
Historial de tus puntuaciones
No has intentado esta prueba desde el último reinicio